000 00606nam a2200193 i 4500
001 146371
003 ES-MaACL
005 20230906201517.0
007 t|
008 070907s1911 sp ||||1| spa d
100 1 _aTrias Pujol, Joaquín.
_9199664
245 1 0 _aPapel e importacia de los lipoides en el organismo /
_cJoaquín Trías Pujol.
260 _aBadalona :
_b[s.n.],
_c1911 (
_fImp. Joaquín Casas)
300 _a33 p. ;
_c24 cm.
502 _aTesis doctoral.
594 _aPrecede al tít.: Universidad Central, Facultad de Medicina.
852 _aES-MaACL
_j1522-F-6
999 _c146371
_d146371